000 00351nam a2200133Ia 4500
008 190216s9999||||xx |||||||||||||| ||und||
100 _aFelix Paukert. Jiri Skolta Amd Jef Maton
245 0 _aIncome Distribution Structure Of Economy And Employment
250 _a1st Ed.
260 _bNull
_c1981
300 _a169
650 _aEconomics
942 _cBK
999 _c9560
_d9560